| 000 | 00360nam a2200157Ia 4500 | ||
|---|---|---|---|
| 008 | 230605s2002 xx 000 0 und d | ||
| 041 | _aeng | ||
| 100 | _aTurner | ||
| 245 | _aRole Play A Sourse book of Activities | ||
| 260 |
_bViva books Mumbai _c2002 _c2002 |
||
| 300 | _a386 | ||
| 365 |
_b156 _h20 |
||
| 500 | _a239 | ||
| 520 | _aGeneral | ||
| 650 | _aB | ||
| 999 |
_c417880 _d417880 |
||